Borussia Mönchengladbach Kader 24/25 - Statistiken

Allgemein
  • Dieses Quiz wurde 230 mal gespielt
  • Das Durchschnittsergebnis liegt bei 20 aus 26
Antwortstatistiken
Hint Antwort % Korrekt
1 Jonas Omlin
95%
11 Tim Kleindienst
94%
3 Ko Itakura
90%
9 Franck Honorat
89%
33 Moritz Nicolas
89%
8 Julian Weigl
87%
20 Luca Netz
87%
30 Nico Elvedi
87%
27 Rocco Reitz
87%
14 Alassane Plea
86%
25 Robin Hack
86%
10 Florian Neuhaus
84%
29 Joe Scally
83%
5 Marvin Friedrich
83%
7 Kevin Stöger
82%
26 Lukas Ullrich
77%
31 Tomas Cvancara
73%
19 Nathan Ngoumou
71%
2 Fabio Chiarodia
69%
16 Philipp Sander
69%
22 Stefan Lainer
69%
21 Tobias Sippel
68%
13 Shio Fukuda
58%
41 Jan Olschowsky
54%
28 Grant-Leon Ranos
50%
38 Yvandro Borges Sanches
34%
Keine übereinstimmenden Quizze gefunden
Verteilung der Resultate
Anzahl Personen mit jedem Resultat
Perzentil nach korrekt beantworteten Fragen
Ihre Resultats-Entwicklung
Sie haben dieses Quiz noch nicht gespielt